书目信息 |
| 题名: |
材料腐蚀学原理
|
|
| 作者: | 肖纪美 , 曹楚南 编著 | |
| 分册: | ||
| 出版信息: | 北京 化学工业出版社 2002.09 |
|
| 页数: | 282页 | |
| 开本: | 26cm | |
| 丛书名: | 现代腐蚀科学和防蚀技术全书 | |
| 单 册: | ||
| 中图分类: | TB304 | |
| 科图分类: | ||
| 主题词: | 工程材料--腐蚀--原理 | |
| 电子资源: | ||
| ISBN: | 7-5025-3962-X | |
| 000 | 01143nam0 2200277 45 | |
| 001 | 0158211810 | |
| 005 | 20050820161053.39 | |
| 010 | @a7-5025-3962-X@dCNY39.00 | |
| 100 | @a20040321d2002 km y0chiy0120 ea | |
| 101 | 0 | @achi |
| 102 | @aCN@b110000 | |
| 105 | @aaj a 000yy | |
| 200 | 1 | @a材料腐蚀学原理@ACai Liao Fu Shi Xue Yuan Li@f肖纪美,曹楚南编著@FXiao Ji Mei,Cao Chu Nan Bian Zhu |
| 210 | @a北京@c化学工业出版社@c工业装备与信息工程出版中心@d2002.09 | |
| 215 | @a282页@c图@d26cm | |
| 225 | 2 | @a现代腐蚀科学和防蚀技术全书 |
| 320 | @a有书目。 | |
| 330 | @a本书将腐蚀学划分为微观和宏观两个分支,1~6章综论微观腐蚀学的五个经典问题——腐蚀电化学、局部腐蚀、应力腐蚀、高温氧化、非金属材料腐蚀;7~10章综论宏观腐蚀学的四方面——方法论、腐蚀经济和管理、腐蚀科研和教育、可持续发展与生态。 | |
| 333 | @a本书可供腐蚀与防护、材料科学与工程以及广大的有关的科技人员和大专院校的师生阅读。 | |
| 410 | 0 | @12001 @a现代腐蚀科学和防蚀技术全书 |
| 606 | 0 | @a工程材料@x腐蚀@x原理 |
| 690 | @aTB304@v4 | |
| 701 | 0 | @a肖纪美@AXiao Ji Mei@4编著 |
| 701 | 0 | @a曹楚南@ACao Chu Nan@4编著 |
| 801 | 0 | @aCN@bQSSK@c20050820 |
| 905 | @a10447@dTB304@eX291 | |
| 材料腐蚀学原理/肖纪美,曹楚南编著.-北京:化学工业出版社:工业装备与信息工程出版中心,2002.09 |
| 282页:图;26cm.-(现代腐蚀科学和防蚀技术全书) |
| 使用对象:本书可供腐蚀与防护、材料科学与工程以及广大的有关的科技人员和大专院校的师生阅读。 |
| ISBN 7-5025-3962-X:CNY39.00 |
| 本书将腐蚀学划分为微观和宏观两个分支,1~6章综论微观腐蚀学的五个经典问题——腐蚀电化学、局部腐蚀、应力腐蚀、高温氧化、非金属材料腐蚀;7~10章综论宏观腐蚀学的四方面——方法论、腐蚀经济和管理、腐蚀科研和教育、可持续发展与生态。 |
| ● |
| 相关链接 |
|
|
|
正题名:材料腐蚀学原理
索取号:TB304/X291
 
预约/预借
| 序号 | 登录号 | 条形码 | 馆藏地/架位号 | 状态 | 备注 |
| 1 | 562013 | 205620130 | 自科库501/501自科库 12排3列2层/ [索取号:TB304/X291] | 在馆 | |
| 2 | 562014 | 205620149 | 自科库501/501自科库 12排3列2层/ [索取号:TB304/X291] | 在馆 | |
| 3 | 562015 | 205620158 | 自科库501/501自科库 12排3列2层/ [索取号:TB304/X291] | 在馆 |